| 000 | 00718nam a22002057a 4500 | ||
|---|---|---|---|
| 005 | 20100813133832.0 | ||
| 010 | _aENG-100121 | ||
| 020 | _c300.00 | ||
| 035 | _aEN-83653 | ||
| 037 | _bDBAD/PUB | ||
| 082 | _a599.32 | ||
| 245 |
_aLagomorphs / _cby V. E. Sokolov... [et al.] |
||
| 260 |
_aNew Delhi _bAmerind Publishing _c2009 |
||
| 270 |
_aA-61 Mayfair Gardens _bNew Delhi _e110016 |
||
| 300 |
_a400p. _c25cm (Hb) |
||
| 490 |
_aMammals of Russia and Adjacent Regions _913002 |
||
| 650 |
_aLagomorpha _913003 |
||
| 942 |
_2ddc _cEN _h599.32 _mLAG |
||
| 999 |
_c41609 _d41609 |
||